000 01274nam a22002417a 4500
999 _c58143
_d58143
003 Ge_BSU
005 20210629140334.0
008 210629s2021 ge ||||| |||| 00| 0 geo d
020 _a9789941822742
041 _ageo
080 _a808.066+34 ს-21
245 _aსამართლებრივი წერის მეთოდები:
_b მემორანდუმი და წერილი /
_cთამარ თომაშვილი, ანა კოსტავა, თამარ ჯიქია, ანა ქოჩიაშვილი,
264 _aთბილისი ,
_c2021.
300 _a128 გვ.:
_c23 სმ.
653 _aსამართალი სამართლებრივი წერა მემორანდუმი წერილი
653 _aLaw -- Judicial writing -- Memorandum -- Letter
700 _aთომაშვილი, თამარ ,
_912150
700 _aკოსტავა, ანა
_912151
700 _a ჯიქია, თამარ ,
_912152
700 _a ქოჩიაშვილი, ანა
_912153
856 _uhttp://ewmi-prolog.org/images/files/2262WEB_170x235.pdf
_yელექტრონული ვერსია
942 _2udc
_cBK